000 00448nam a2200169Ia 4500
003 GCL
008 140319s9999 xx 000 0 ara d
040 _aGCL /
_cGCL
082 0 4 _a813.03
_bم ق
100 1 _aمحمد كامل حسين
245 1 0 _aقرية ظالمة /
_cمحمد كامل حسين
300 _a234
490 _a100 قصة
_v0
650 0 4 _aالادب العربى
650 0 4 _aالقصص العربية
942 _2ddc
_cBK
999 _c45979
_d45979